书目信息 |
| 题名: |
地方财政失衡的法律问题研究
|
|
| 作者: | 杨川仪 著 | |
| 分册: | ||
| 出版信息: | 昆明 云南大学出版社 2022 |
|
| 页数: | 252页 | |
| 开本: | 24cm | |
| 丛书名: | ||
| 单 册: | ||
| 中图分类: | D922.204 | |
| 科图分类: | ||
| 主题词: | 地方财政--财政法--研究--中国 | |
| 电子资源: | ||
| ISBN: | 978-7-5482-4544-5 | |
| 000 | 00866nam0 2200229 450 | |
| 001 | 2366618818 | |
| 005 | 20231119183032.09 | |
| 010 | @a978-7-5482-4544-5@dCNY68.00 | |
| 100 | @a20220929d2022 em y0chiy50 ea | |
| 101 | 0 | @achi |
| 102 | @aCN@b530000 | |
| 105 | @ay z 000yy | |
| 200 | 1 | @a地方财政失衡的法律问题研究@Adi fang cai zheng shi heng de fa lv wen ti yan jiu@f杨川仪著 |
| 210 | @a昆明@c云南大学出版社@d2022 | |
| 215 | @a252页@d24cm | |
| 300 | @a云南省哲学社会科学学术著作出版专项经费资助 | |
| 330 | @a本书选取了英国、美国、日本、南非、澳大利亚等国和我国港澳台地区的相关法律制度作为借鉴,通过对上述国家和地区的相关法律政策进行介绍和评价,以探寻实现地方政府财政平衡的法律路径。 | |
| 606 | 0 | @a地方财政@x财政法@x研究@y中国 |
| 690 | @aD922.204@v5 | |
| 701 | 0 | @a杨川仪@Ayang chuan yi@4著 |
| 801 | 0 | @aCN@b山东中教@c20231119 |
| 905 | @aBZT@dD922.204@e6 | |
| 地方财政失衡的法律问题研究/杨川仪著.-昆明:云南大学出版社,2022 |
| 252页;24cm |
| 云南省哲学社会科学学术著作出版专项经费资助 |
| ISBN 978-7-5482-4544-5:CNY68.00 |
| 本书选取了英国、美国、日本、南非、澳大利亚等国和我国港澳台地区的相关法律制度作为借鉴,通过对上述国家和地区的相关法律政策进行介绍和评价,以探寻实现地方政府财政平衡的法律路径。 |
| ● |
| 相关链接 |
|
|
|
正题名:地方财政失衡的法律问题研究
索取号:D922.204/6
 
预约/预借
| 序号 | 登录号 | 条形码 | 馆藏地/架位号 | 状态 | 备注 |
| 1 | 2000985953 | 2000985953 | 中教第一批/山东中教(第一批)/354/ [索取号:D922.204/6] | 在馆 | |
| 2 | 2000985954 | 2000985954 | 中教第一批/山东中教(第一批)/354/ [索取号:D922.204/6] | 在馆 | |
| 3 | 2000985955 | 2000985955 | 中教第一批/山东中教(第一批)/354/ [索取号:D922.204/6] | 在馆 | |
| 4 | 2000985956 | 2000985956 | 中教第一批/山东中教(第一批)/354/ [索取号:D922.204/6] | 在馆 | |
| 5 | 2000985957 | 2000985957 | 中教第一批/山东中教(第一批)/354/ [索取号:D922.204/6] | 在馆 | |
| 6 | 2000985958 | 2000985958 | 中教第一批/山东中教(第一批)/354/ [索取号:D922.204/6] | 在馆 |